Catalog

Record Details

Catalog Search



Available copies

  • 2 of 3 copies available at LARL/NWRL Consortium.
  • 1 of 2 copies available at Lake Agassiz Regional Library. (Show preferred library)

Current holds

0 current holds with 3 total copies.

Show Only Available Copies
Location Call Number / Copy Notes Barcode Shelving Location Status Due Date
Crookston Public Library E A (Text) 33500013892195 Main Available -
Detroit Lakes Public Library E A (Text) 33500013892203 Main Checked out 06/25/2026
Grygla LINK Site e ASC (Text) 35500006718983 Main Available -

Record details

  • ISBN: 9781481480666
  • ISBN: 1481480669
  • Physical Description: 1 volume (unpaged) : color illustrations ; 27 cm.
  • Edition: First Aladdin hardcover edition.
  • Publisher: New York : Aladdin, 2023.

Content descriptions

Summary, etc.:
"When Baby Bear goes on a business trip with Poppa ... Read More
Subject: Bears > Juvenile fiction.
Tacos > Juvenile fiction.
Business travel > Arizona > Juvenile fiction.
Father and child > Juvenile fiction.
Homesickness > Juvenile fiction.
Genre: Picture books.
LDR 01807cam a2200457 i 4500
001420517
003LARL_NWRL_CONSORTIUM
00520230925142044.0
008230912t20232023nyua b 000 1 eng d
010 . ‡a 2022946811
040 . ‡aJQR ‡beng ‡erda ‡cJQR ‡dJQR ‡dBKL ‡dLE@ ‡dJBI ‡dYDX
019 . ‡a1369680021
020 . ‡a9781481480666 ‡q(library bound)
020 . ‡a1481480669 ‡q(library bound)
035 . ‡a(OCoLC)1396815986 ‡z(OCoLC)1369680021
043 . ‡an-us-az
08204. ‡a[E] ‡223/eng/20230908
1001 . ‡aAsch, Frank, ‡eauthor, ‡eillustrator. ‡0(LARL_NWRL_CONSORTIUM)54497
24510. ‡aTacos / ‡cFrank Asch.
250 . ‡aFirst Aladdin hardcover edition.
264 1. ‡aNew York : ‡bAladdin, ‡c2023.
264 4. ‡c©2023
300 . ‡a1 volume (unpaged) : ‡bcolor illustrations ; ‡c27 cm.
336 . ‡atext ‡btxt ‡2rdacontent
336 . ‡astill image ‡bsti ‡2rdacontent
337 . ‡aunmediated ‡bn ‡2rdamedia
338 . ‡avolume ‡bnc ‡2rdacarrier
4900 . ‡aFrank Asch bear book
520 . ‡a"When Baby Bear goes on a business trip with Poppa Bear, he worries about being far away from home--from Mama, from his comfy bed, from his yummy food. When Poppa suggests trying tacos for the first time, Baby Bear isn't sure he'll like them. Will he be brave enough to try something new?"-- ‡cProvided by publisher.
650 0. ‡aBears ‡vJuvenile fiction. ‡0(LARL_NWRL_CONSORTIUM)163670
650 0. ‡aTacos ‡vJuvenile fiction.
650 0. ‡aBusiness travel ‡zArizona ‡vJuvenile fiction.
650 0. ‡aFather and child ‡vJuvenile fiction.
650 0. ‡aHomesickness ‡vJuvenile fiction.
655 7. ‡aPicture books. ‡2lcgft
901 . ‡a420517 ‡bOCoLC ‡c420517 ‡tbiblio ‡soclc

Additional Resources